000 00593nam a2200229Ia 4500
008 180523s9999 xx 000 0 und d
020 _a978-981-4604-09-3
050 _aMAIN HB 172.5
050 _b.B53 2013
100 _aBlanchard, Olivier.
245 0 _aMacroeconomics /
245 0 _cOlivier Blanchard, David R. Johnson.
250 _a6th Edition
260 _aSingapore :
260 _bPearson Education South Asia,
260 _c2013
300 _a557 pages :
300 _billustrations ;
300 _c26 cm.
500 _aIncludes index.
650 _aMacroeconomics.
999 _c356781
_d356781